| 000 | 01033nam0a22002531 4500 | ||
|---|---|---|---|
| 001 | rc\4575628 | ||
| 005 | 20260407124026.0 | ||
| 021 |
_aRU _b[57-12661] |
||
| 035 | _a(NLR Aleph) 008654135 | ||
| 090 |
_a9020660 _c9020660 |
||
| 100 | _a20130416d1957 |||y0rusy50 ca | ||
| 101 | 0 | _arus | |
| 102 | _aRU | ||
| 105 | _aa z ||||| | ||
| 200 | 1 |
_aМатериалы к проведению вечеров по пропаганде естественно-научной литературы _fОмская обл. б-ка им. А.С. Пушкина. Метод. кабинет |
|
| 210 |
_aОмск _cБ. и. _d1957 |
||
| 215 |
_a33 с. _cсхем. _d19 |
||
| 606 |
_aБиблиотеки _xРабота с естественно-научной литературой _2psbo |
||
| 712 | 0 | 2 |
_aОмская областная научная библиотека им. А. С. Пушкина _3RU\NLR\AUTH\889964498 _9425230 |
| 801 | 0 |
_aRU _bNLR _gpsbo |
|
| 801 | 1 |
_aRU _bELAR _2rusmarc |
|
| 852 |
_aNLR _jБ 8240/М-341 |
||
| 942 | _cBOOK | ||
| 980 | _aNB | ||